<?xml version="1.0" encoding="UTF-8"?>
<record
    xmlns:xsi="http://www.w3.org/2001/XMLSchema-instance"
    xsi:schemaLocation="http://www.loc.gov/MARC21/slim http://www.loc.gov/standards/marcxml/schema/MARC21slim.xsd"
    xmlns="http://www.loc.gov/MARC21/slim">

  <leader>01220nam a22002417a 4500</leader>
  <controlfield tag="005">20250506093731.0</controlfield>
  <controlfield tag="008">250106b           ||||| |||| 00| 0 eng d</controlfield>
  <datafield tag="020" ind1=" " ind2=" ">
    <subfield code="a">9789388810364</subfield>
  </datafield>
  <datafield tag="040" ind1=" " ind2=" ">
    <subfield code="c">AL</subfield>
  </datafield>
  <datafield tag="041" ind1=" " ind2=" ">
    <subfield code="a">English</subfield>
  </datafield>
  <datafield tag="082" ind1=" " ind2=" ">
    <subfield code="2">23</subfield>
    <subfield code="a">920</subfield>
    <subfield code="b">WONW</subfield>
  </datafield>
  <datafield tag="100" ind1=" " ind2=" ">
    <subfield code="a">Wonder House</subfield>
    <subfield code="9">209384</subfield>
  </datafield>
  <datafield tag="245" ind1=" " ind2=" ">
    <subfield code="a">Worlds Greatest Sports Stars</subfield>
  </datafield>
  <datafield tag="260" ind1=" " ind2=" ">
    <subfield code="b">Wonder House Books</subfield>
    <subfield code="c">2024</subfield>
    <subfield code="a">Noida, Uttar Pradesh</subfield>
  </datafield>
  <datafield tag="300" ind1=" " ind2=" ">
    <subfield code="a">160 p.</subfield>
    <subfield code="b">PB</subfield>
    <subfield code="c">19x12.5 cm.</subfield>
  </datafield>
  <datafield tag="365" ind1=" " ind2=" ">
    <subfield code="a">HYD8-7023045</subfield>
    <subfield code="b">&#x20B9;99.75</subfield>
    <subfield code="c">&#x20B9;</subfield>
    <subfield code="d">&#x20B9;798.00</subfield>
    <subfield code="f">17-12-2024</subfield>
  </datafield>
  <datafield tag="440" ind1=" " ind2=" ">
    <subfield code="a">Worlds Greatest</subfield>
    <subfield code="9">192296</subfield>
  </datafield>
  <datafield tag="520" ind1=" " ind2=" ">
    <subfield code="a">Contents: 1) Cristiano Ronaldo 2) David beckhm 3) Sir Donald Bradman 4) Eddy Merckx 5) Diego Maradona 6) ngemar stenmark 7) Jesse James 8) leBron James 9) Lionel Messi 10) Magnus Carlsen 11).Maria Sharapova 12).Mary Kom 13) Michael Jordan 14) Michael Phelps 15) Michael Schumacher 16) Muhammad Ali 17) Nadia Com&#x103;neci 18) P.V. Sindhu 19) Roger Federer 20) Sachin Tendulkar 21) Serena William- 22) Tiger Woods 23) Usain Bolt 24) Wayne Gretzky 25) Pele .</subfield>
  </datafield>
  <datafield tag="650" ind1=" " ind2=" ">
    <subfield code="a">Reference and Collections of Biographies</subfield>
    <subfield code="9">192179</subfield>
  </datafield>
  <datafield tag="650" ind1=" " ind2=" ">
    <subfield code="a">Encyclopedias for Children</subfield>
    <subfield code="9">192180</subfield>
  </datafield>
  <datafield tag="650" ind1=" " ind2=" ">
    <subfield code="a">Biographies of Inspirational Personalities For Kids</subfield>
    <subfield code="9">192181</subfield>
  </datafield>
  <datafield tag="942" ind1=" " ind2=" ">
    <subfield code="2">ddc</subfield>
    <subfield code="c">REF</subfield>
  </datafield>
  <datafield tag="999" ind1=" " ind2=" ">
    <subfield code="c">233502</subfield>
    <subfield code="d">233502</subfield>
  </datafield>
  <datafield tag="952" ind1=" " ind2=" ">
    <subfield code="0">0</subfield>
    <subfield code="1">0</subfield>
    <subfield code="2">ddc</subfield>
    <subfield code="4">0</subfield>
    <subfield code="7">3</subfield>
    <subfield code="8">JR</subfield>
    <subfield code="a">AL</subfield>
    <subfield code="b">AL</subfield>
    <subfield code="c">RS</subfield>
    <subfield code="d">2025-01-03</subfield>
    <subfield code="e">amazon,in</subfield>
    <subfield code="g">99.75</subfield>
    <subfield code="l">0</subfield>
    <subfield code="o">920 WONW</subfield>
    <subfield code="p">077455</subfield>
    <subfield code="r">2025-01-06 00:00:00</subfield>
    <subfield code="v">798.00</subfield>
    <subfield code="w">2025-01-06</subfield>
    <subfield code="y">REF</subfield>
  </datafield>
</record>
